Psicología de las relaciones humanas en la industria
Uloženo v:
| Hlavní autor: | |
|---|---|
| Médium: | Kniha |
| Jazyk: | španělština |
| Vydáno: |
Buenos Aires
Paidós
1973
|
| Edice: | Biblioteca de Psicología y Sociología Aplicadas. Serie fundamental, 16
|
| Témata: | |
| Tagy: |
Přidat tag
Žádné tagy, Buďte první, kdo vytvoří štítek k tomuto záznamu!
|
MARC
| LEADER | 00000nam a2200000 a 4500 | ||
|---|---|---|---|
| 001 | UCU0531 | ||
| 003 | CL-VaPUC | ||
| 008 | 960322e19730000AG |||||||||||||||||spa|d | ||
| 082 | 0 | 4 | |a 658.315 |b HUG |2 21 |
| 100 | 0 | |a Hughes, E. W |e author |9 355774 | |
| 245 | 1 | 0 | |a Psicología de las relaciones humanas en la industria |
| 300 | |a 209 p | ||
| 942 | |c BK | ||
| 945 | |d 19960322 00:00:00 |a lriquelm | ||
| 260 | |a Buenos Aires |b Paidós |c 1973 | ||
| 650 | 0 | |a Relaciones humanas |9 307340 | |
| 650 | 0 | |a Psicología social |9 222894 | |
| 650 | 7 | |a RELACIONES INDUSTRIALES |2 CL-VaPUC |9 355775 | |
| 583 | |a last modification |c 19960322 00:00:00 |k Rodrigo Vera | ||
| 490 | 0 | |a Biblioteca de Psicología y Sociología Aplicadas. Serie fundamental, 16 | |
| 999 | |c 245372 |d 245370 | ||
| 952 | |0 0 |1 0 |4 0 |6 658_315000000000000_HUG_1973 |7 0 |8 P |9 259858 |a BIBEDU |b BIBEDU |c BIBEDU_PB |d 2019-11-19 |i 1636499 |o 658.315 HUG 1973 |p 1636499 |r 2024-01-25 |w 2019-11-19 |y BK |k EDU | ||